000
00203nam a22000857a 4500
008
170527b xxu||||| |||| 00| 0 eng d
100
_9
3163
_a
Aggarwal
245
_a
Maths- Lab-X
260
_a
New delhi
_b
APC
_c
2008
999
_c
6466
_d
6466